[Event "SVK-chT 1920"]
[Site "Slovakia"]
[Date "2019.10.19"]
[Round "1.6"]
[White "Federic, Jozef"]
[Black "Walterova, Ema"]
[Result "1-0"]
[WhiteElo "2203"]
[BlackElo "1801"]
[PlyCount "47"]
[EventDate "2019.10.19"]
[EventType "team-tourn"]
[EventRounds "11"]
[EventCountry "SVK"]
[SourceTitle "CBM 192 Extra"]
[Source "Chessbase"]
[SourceDate "2019.11.06"]
[SourceVersion "1"]
[SourceVersionDate "2019.11.06"]
[SourceQuality "1"]
[WhiteTeam "Modra"]
[BlackTeam "Bratislava KSN"]
[WhiteTeamCountry "SVK"]
[BlackTeamCountry "SVK"]

1. d4 d5 2. Nf3 Nf6 3. g3 e6 4. c4 Be7 5. Bg2 c5 6. cxd5 Nxd5 7. 0-0 0-0 8. e4 Nf6 9. Nc3 Nc6 10. dxc5 Bxc5 11. Bf4 Qe7 12. e5 Nh5 13. Bg5 f6 14. exf6 gxf6 15. Bh6 Rd8 16. Qe2 Bd7 17. Rfe1 Rac8 18. Rad1 Ng7 19. Bh3 Re8 20. Ne4 Rcd8 21. Qc4 Bb4 22. Nc3 Qc5 23. Qg4 Qe7 24. Nd5 1-0

[Event "SVK-chT2A 1819"]
[Site "Slovakia"]
[Date "2018.12.16"]
[Round "6.3"]
[White "Federic, Jozef"]
[Black "Veselsky, Jozef"]
[Result "1/2-1/2"]
[WhiteElo "2218"]
[BlackElo "2163"]
[PlyCount "126"]
[EventDate "2018.10.13"]
[EventType "team-tourn"]
[EventRounds "11"]
[EventCountry "SVK"]
[SourceTitle "CBM 189 Extra"]
[Source "ChessBase"]
[SourceDate "2019.06.03"]
[SourceVersion "1"]
[SourceVersionDate "2019.06.03"]
[SourceQuality "1"]
[WhiteTeam "Modra II"]
[BlackTeam "Trnava Lokomotiva"]
[WhiteTeamCountry "SVK"]
[BlackTeamCountry "SVK"]

1. d4 d5 2. Nf3 Nf6 3. e3 e6 4. c4 Be7 5. Nbd2 0-0 6. Bd3 b6 7. 0-0 Bb7 8. Qe2 Nbd7 9. b3 Bd6 10. Bb2 Qe7 11. Ne5 Ba3 12. Bxa3 Qxa3 13. Ndf3 Qe7 14. Rac1 c5 15. cxd5 exd5 16. Nxd7 Nxd7 17. Qc2 g6 18. Bb5 Rac8 19. Bxd7 Qxd7 20. Ne5 Qe7 21. Qb2 f6 22. Nf3 c4 23. Nd2 Qb4 24. Rc3 cxb3 25. Rxb3 Qe7 26. Rc1 Qd7 27. Rbc3 Rxc3 28. Rxc3 Rc8 29. a3 Ba6 30. Qc2 Rxc3 31. Qxc3 Qc8 32. Qxc8+ Bxc8 33. Kf1 Kf7 34. Ke2 Ke6 35. Kd3 h5 36. h4 Ba6+ 37. Kc3 Kf5 38. f3 g5 39. g3 Be2 40. Kc2 a5 41. Kc3 b5 42. Kc2 Ke6 43. Kc3 gxh4 44. gxh4 Kf5 45. Kc2 b4 46. axb4 axb4 47. Kb3 Bxf3 48. Nxf3 Ke4 49. Ne1 Kxe3 50. Nc2+ Kd3 51. Kxb4 Kxc2 52. Kc5 Kd3 53. Kxd5 f5 54. Ke5 f4 55. d5 f3 56. d6 f2 57. d7 f1Q 58. d8Q+ Ke2 59. Qd4 Qf7 60. Qe4+ Kd2 61. Qg2+ Kd3 62. Qg3+ Kc4 63. Qg5 Kd3 1/2-1/2

[Event "SVK-chT2A 1819"]
[Site "Slovakia"]
[Date "2018.11.18"]
[Round "4.1"]
[White "Pechac, Jergus"]
[Black "Federic, Jozef"]
[Result "1-0"]
[WhiteElo "2459"]
[BlackElo "2218"]
[PlyCount "109"]
[EventDate "2018.10.13"]
[EventType "team-tourn"]
[EventRounds "11"]
[EventCountry "SVK"]
[SourceTitle "CBM 189 Extra"]
[Source "ChessBase"]
[SourceDate "2019.06.03"]
[SourceVersion "1"]
[SourceVersionDate "2019.06.03"]
[SourceQuality "1"]
[WhiteTeam "Osuske II"]
[BlackTeam "Modra II"]
[WhiteTeamCountry "SVK"]
[BlackTeamCountry "SVK"]

1. d4 d5 2. c4 e6 3. Nf3 Nf6 4. Nc3 Be7 5. Bf4 0-0 6. e3 c6 7. Bd3 Nbd7 8. 0-0 dxc4 9. Bxc4 Nd5 10. Bg3 Nxc3 11. bxc3 b6 12. e4 Bb7 13. Qe2 Nf6 14. Rad1 Qc8 15. Bd3 Rd8 16. Rfe1 c5 17. d5 exd5 18. exd5 Bd6 19. Bxd6 Rxd6 20. c4 Qf8 21. Qe7 Rd7 22. Qxf8+ Kxf8 23. a4 Re8 24. Ne5 Rd6 25. f4 Re7 26. a5 g6 27. Ra1 b5 28. cxb5 Nxd5 29. a6 Ba8 30. Nc4 Rde6 31. Rxe6 Rxe6 32. g3 Nc3 33. Ne5 Rd6 34. Bf1 f6 35. Nc4 Re6 36. b6 axb6 37. a7 Nb5 38. Ra6 Nc7 39. Rxb6 Rxb6 40. Nxb6 Ke7 41. Nxa8 Nxa8 42. Kf2 Kd6 43. Bg2 Nb6 44. Ke3 g5 45. a8Q Nxa8 46. Bxa8 gxf4+ 47. Kxf4 c4 48. Be4 h6 49. Kf5 Ke7 50. Kg6 Ke6 51. Kxh6 f5 52. Bb1 Kf6 53. h4 c3 54. h5 f4 55. gxf4 1-0

[Event "SVK-chT2A 1819"]
[Site "Slovakia"]
[Date "2018.10.13"]
[Round "1.2"]
[White "Federic, Jozef"]
[Black "Kapusta, Petr"]
[Result "1/2-1/2"]
[WhiteElo "2218"]
[BlackElo "2184"]
[PlyCount "194"]
[EventDate "2018.10.13"]
[EventType "team-tourn"]
[EventRounds "11"]
[EventCountry "SVK"]
[SourceTitle "CBM 189 Extra"]
[Source "ChessBase"]
[SourceDate "2019.06.03"]
[SourceVersion "1"]
[SourceVersionDate "2019.06.03"]
[SourceQuality "1"]
[WhiteTeam "Modra II"]
[BlackTeam "Skalica"]
[WhiteTeamCountry "SVK"]
[BlackTeamCountry "SVK"]

1. d4 Nf6 2. g3 g6 3. Bg2 Bg7 4. e4 d6 5. Ne2 0-0 6. 0-0 e5 7. dxe5 dxe5 8. Nbc3 c6 9. Qxd8 Rxd8 10. Be3 Be6 11. Rfd1 Nbd7 12. h3 Bf8 13. Nc1 Nc5 14. Nb3 Bxb3 15. axb3 Rxd1+ 16. Rxd1 Ne6 17. Kf1 Bc5 18. Bxc5 Nxc5 19. b4 Ne6 20. Ne2 Kf8 21. h4 Ke7 22. c3 a5 23. Ra1 a4 24. Nc1 b5 25. Nd3 Nd7 26. Ke2 f6 27. f4 c5 28. f5 c4 29. fxe6 cxd3+ 30. Kxd3 Nb6 31. Kc2 Nc4 32. Bf1 Ne3+ 33. Kd3 Nxf1 34. Rxf1 Rd8+ 35. Ke3 Kxe6 36. g4 h5 37. gxh5 gxh5 38. Rf5 Rd1 39. Rxh5 Rb1 40. Rh8 Rxb2 41. Rb8 a3 42. Rxb5 a2 43. Ra5 Rh2 44. Ra6+ Kd7 45. Kd3 Rh3+ 46. Kc4 Rxh4 47. Rxa2 Rxe4+ 48. Kd5 Re3 49. Ra7+ Kd8 50. c4 Rd3+ 51. Kc5 e4 52. Rf7 Rf3 53. Kd6 Rd3+ 54. Kc6 Rd4 55. Kc5 e3 56. Rxf6 Re4 57. Rf1 e2 58. Re1 Kd7 59. Kd5 Re8 60. Kd4 Kd6 61. Kd3 Rb8 62. b5 Kc5 63. Rxe2 Kb4 64. Re4 Rd8+ 65. Ke3 Kc5 66. Kf4 Rf8+ 67. Ke5 Re8+ 68. Kf4 Rf8+ 69. Kg5 Rf1 70. Rf4 Re1 71. Kg4 Rg1+ 72. Kf3 Rf1+ 73. Ke3 Re1+ 74. Kd3 Rd1+ 75. Kc2 Rg1 76. Kb3 Rb1+ 77. Kc3 Rc1+ 78. Kb2 Rh1 79. Re4 Rg1 80. Kc3 Rc1+ 81. Kd2 Rb1 82. Re1 Rb3 83. Re3 Rb1 84. Kc2 Rh1 85. Rc3 Kb4 86. Kb2 Rh2+ 87. Rc2 Rh8 88. Kb1 Rh1+ 89. Ka2 Rh8 90. b6 Ra8+ 91. Kb1 Kc5 92. Ra2 Rb8 93. Rb2 Kxc4 94. b7 Kc5 95. Kc2 Kc6 96. Kc3 Rxb7 97. Rxb7 Kxb7 1/2-1/2

[Event "Pobeskydy op"]
[Site "Frydek Mistek"]
[Date "2018.04.01"]
[Round "8"]
[White "Federic, Jozef"]
[Black "Antal, Jakub"]
[Result "1-0"]
[WhiteElo "2220"]
[BlackElo "1845"]
[PlyCount "67"]
[EventDate "2018.03.29"]
[EventType "swiss"]
[EventRounds "9"]
[EventCountry "CZE"]
[SourceTitle "CBM 183 Extra"]
[Source "ChessBase"]
[SourceDate "2018.04.19"]
[SourceVersion "1"]
[SourceVersionDate "2018.04.19"]
[SourceQuality "1"]

1. d4 Nf6 2. g3 g6 3. Bg2 d5 4. Nf3 Bg7 5. 0-0 0-0 6. c4 e6 7. Nbd2 Nbd7 8. Qc2 c6 9. b3 b6 10. Bb2 Ba6 11. Rfd1 Rc8 12. Rac1 c5 13. Qb1 Qe7 14. e4 dxc4 15. Nxc4 Bxc4 16. Rxc4 cxd4 17. Rxc8 Rxc8 18. Nxd4 Ne8 19. Bf1 Nc5 20. f3 Nd6 21. Kh1 Ndb7 22. Qc2 Nd6 23. Qd2 Ncb7 24. Ba6 Rc7 25. Ba3 Nc5 26. Be2 Ndb7 27. Nb5 Rc8 28. Nxa7 Rd8 29. Nc6 Rxd2 30. Nxe7+ Kf8 31. Nxg6+ hxg6 32. Rxd2 Ke7 33. Kg2 Nd8 34. Bb5 1-0

[Event "SVK-chT 1718"]
[Site "Slovakia"]
[Date "2018.03.04"]
[Round "11.5"]
[White "Tropp, Oliver"]
[Black "Federic, Jozef"]
[Result "1/2-1/2"]
[WhiteElo "2222"]
[BlackElo "2271"]
[PlyCount "59"]
[EventDate "2017.09.30"]
[EventType "team-tourn"]
[EventRounds "11"]
[EventCountry "SVK"]
[SourceTitle "EXT 2019"]
[Source "ChessBase"]
[SourceDate "2018.10.10"]
[SourceVersion "1"]
[SourceVersionDate "2018.10.10"]
[SourceQuality "1"]
[WhiteTeam "Liptov Chess School"]
[BlackTeam "Modra"]
[WhiteTeamCountry "SVK"]
[BlackTeamCountry "SVK"]

1. c4 e6 2. g3 Nf6 3. Bg2 d5 4. Nf3 Be7 5. 0-0 0-0 6. b3 c5 7. Ne5 Nbd7 8. Nxd7 Bxd7 9. Bb2 Bc6 10. Nc3 Rc8 11. cxd5 Nxd5 12. Qc1 Nxc3 13. Qxc3 Bf6 14. Qc2 Bxb2 15. Qxb2 Bxg2 16. Kxg2 Qd5+ 17. Kg1 Rfd8 18. d3 e5 19. Rac1 Rc6 20. Rc2 b6 21. Qa3 a5 22. Qa4 Re6 23. Rc4 Qd7 24. Qxd7 Rxd7 25. Rfc1 Kf8 26. Kg2 Red6 27. f3 Rd4 28. g4 Ke7 29. a4 R7d6 30. Kf2 1/2-1/2